| 000 | 00981 a2200205 4500 | ||
|---|---|---|---|
| 001 | 59203 | ||
| 005 | 20260407155846.0 | ||
| 008 | 260407a1991 arg spa d | ||
| 003 | AR-UNSa-BCEJYS | ||
| 040 |
_aAR-UNSa-BCEJYS _bspa _cAR-UNSa-BCEJYS |
||
| 080 |
_a94:32 _xHistoria Política |
||
| 245 | 1 | 0 | _aProyecto 95 |
| 020 | _a950-742-114-9 | ||
| 264 | 1 |
_aBuenos Aires : _bPlaneta _c1991 |
|
| 300 |
_a190 p. _c23 cm. |
||
| 505 | _a1. El diagnóstico / La frustración y sus causas – 2. El método / La apertura intelectual – 3. La teoría / Un mundo en transición – 4. El objetivo / La Argentina, país desarrollado – 5. El requisito / Un acuerdo político de largo plazo – 6. Los instrumentos / El riesgo de desvirtuar la privatización – 7. Los ejemplos / La organización del futuro – 8. Las aplicaciones /Ideas no convencionales – 9. Las propuestas / Cómo se hace | ||
| 942 | _cBK | ||
| 590 | _aniveau_biblio:m niveau_hierar:0 | ||
| 100 | 1 | _aTerragno, Rodolfo | |
| 999 |
_c6622 _d6622 |
||